Combating the thaumasite threat to concrete (Record no. 67919)
[ view plain ]
| 000 -LEADER | |
|---|---|
| fixed length control field | 01261cam a2200253 4500 |
| 001 - CONTROL NUMBER | |
| control field | ABS64223 |
| 008 - FIXED-LENGTH DATA ELEMENTS--GENERAL INFORMATION | |
| fixed length control field | 010806n2001 000 0 eng u |
| 035 ## - SYSTEM CONTROL NUMBER | |
| System control number | (Sirsi) u113968 |
| 245 ## - TITLE STATEMENT | |
| Title | Combating the thaumasite threat to concrete |
| 260 ## - PUBLICATION, DISTRIBUTION, ETC. | |
| Date of publication, distribution, etc. | 2001 |
| 490 ## - SERIES STATEMENT | |
| Series statement | Constructing the Future |
| Volume/sequential designation | (10) Summer 2001, 13-14(2) |
| 520 ## - SUMMARY, ETC. | |
| Summary, etc. | Aims to raise the profile of the problem of structures made of concrete which can be damaged by a form of sulfate attack, termed by the BRE, as the thaumasite form of sulfate attack (TSA). Identifies the problems of TSA in building foundations, floor slabs and highway structures. Includes a case study of the 30-year old Tredington-Ashchurch bridge over the M5 in Gloucestershire. To raise international awareness of TSA the BRE is organising the first International Conference on Thaumasite in Cementitious Materials to take place 20-22 June 2002 at BRE headquarters. Contact details given. |
| 590 ## - LOCAL NOTE (RLIN) | |
| Local note | ABS |
| 650 ## - SUBJECT ADDED ENTRY--TOPICAL TERM | |
| Topical term or geographic name entry element | THAUMASITE SULPHATE ATTACK |
| 650 ## - SUBJECT ADDED ENTRY--TOPICAL TERM | |
| Topical term or geographic name entry element | SULPHATE ATTACK |
| 650 ## - SUBJECT ADDED ENTRY--TOPICAL TERM | |
| Topical term or geographic name entry element | CONCRETE |
| 650 ## - SUBJECT ADDED ENTRY--TOPICAL TERM | |
| Topical term or geographic name entry element | DETERIORATION |
| 650 ## - SUBJECT ADDED ENTRY--TOPICAL TERM | |
| Topical term or geographic name entry element | BRE |
| 650 ## - SUBJECT ADDED ENTRY--TOPICAL TERM | |
| Topical term or geographic name entry element | CONFERENCES |
| 650 ## - SUBJECT ADDED ENTRY--TOPICAL TERM | |
| Topical term or geographic name entry element | STRUCTURAL STABILITY |
| 650 ## - SUBJECT ADDED ENTRY--TOPICAL TERM | |
| Topical term or geographic name entry element | BUILDING STRUCTURES |
| 690 ## - LOCAL SUBJECT ADDED ENTRY--TOPICAL TERM (OCLC, RLIN) | |
| Topical term or geographic name as entry element | BUILT ENVIRONMENT-BUILDING MATERIALS |
| 942 ## - ADDED ENTRY ELEMENTS (KOHA) | |
| Suppress in OPAC | 0 |
| Withdrawn status | Lost status | Source of classification or shelving scheme | Damaged status | Not for loan | Home library | Current library | Shelving location | Date acquired | Total Checkouts | Full call number | Barcode | Date last seen | Copy number | Price effective from | Koha item type |
|---|---|---|---|---|---|---|---|---|---|---|---|---|---|---|---|
| Dewey Decimal Classification | London | London | Journal article | 06/08/2001 | ABS64223 | 113968-1001 | 06/08/2019 | 1 | 06/08/2019 | Journal article |